000
003020000a22001450004500
003
MACL
040
_a
MACL
090
_c
8680
_d
8679
100
_a
Chakravarti, Shyamalkanti
245
_a
The Bamiyan Buddhas
260
_b
Pritonia
_c
Religion
350
_a
100
650
_a
Religion
942
_c
BOOK
_k
294
999
_c
8626
_d
8626